| 000 | 00925nam a22002417a 4500 | ||
|---|---|---|---|
| 005 | 20110719140435.0 | ||
| 010 | _aB-430655 | ||
| 020 |
_a817769541x _c110.00 |
||
| 020 |
_a9788177695410 _c110.00 |
||
| 035 | _aB-430655 | ||
| 037 | _bAllied Publishers | ||
| 082 | _a915 | ||
| 100 |
_aRoerich, Nicholas _930147 |
||
| 245 |
_aHeart of Asia / _cby Nicholas, Roerich |
||
| 260 |
_aVaranasi _bPilgrims Publishing _c2007 |
||
| 270 |
_aB27/98, A-8, Nawabganj Road, Durga Kund, _bVaranasi _e91-542-2314060 |
||
| 300 |
_a171p. _c15 cm ( pbk.) |
||
| 700 |
_aLal, Niharika _929703 |
||
| 710 | _929663 | ||
| 942 |
_adpl _cEN _2ddc _mROE _h915 |
||
| 999 |
_c54027 _d54027 |
||